000 00764nam a22002417a 4500
003 ARRUPE
005 20251022082458.0
008 251022b |||||||| |||| 00| 0 eng d
040 _cAJU
082 _aLC191.G3 2024
100 _aAfulo, Joseph O.
_952903
245 _aPurpose of Education
_bprinciples, Policies and practices
_cJoseph Oduor Afulo
260 _aKenya
_bJesuit Historical Institute in Africa
_c2024
300 _3Book
_bN/A
_c24cm.
300 _axxii, 370p.
650 _aPolicies and practices
_952904
650 _aEducation
_918163
650 _aComparative education
_935059
650 _aEducational policy and politics
_952905
650 _aEducational purpose
_952906
650 _aEducation culture
_952907
942 _2lcc
_cMONOGRAPH
999 _c131965
_d131965